| 000 | 01269nam a22003137a 4500 | ||
|---|---|---|---|
| 003 | OSt | ||
| 005 | 20260530115323.0 | ||
| 008 | 260520b2017 nyua|||| |||| 00| 0 eng d | ||
| 040 |
_aMX-MxINE _bspa _cMX-MxINE _erda |
||
| 050 |
_aNK1390.C67 _bG73 2017 |
||
| 100 |
_aGrajales, Cristina, _eautor _934669 |
||
| 245 |
_aGloria Cortina : _bFrom Within / _cCristina Grajales. |
||
| 264 |
_aNueva York : _bCristina Grajales Gallery, _c2017. |
||
| 300 | _a71 paginas | ||
| 336 |
_2rdacontent _atexto |
||
| 337 |
_2rdamedia _asin medio |
||
| 338 |
_2rdacarrier _avolumen |
||
| 500 | _aPublished in conjunction with the exhibition "From Within" featuring the work of Gloria Cortina. | ||
| 520 | _aExhibition catalog presenting interior design, decorative arts, and furniture works by Mexican designer Gloria Cortina. | ||
| 600 | 1 | 4 |
_aCortina, Gloria _xExposiciones. _934670 |
| 650 | 4 |
_aDiseño de interiores _ySiglo XXI. _zMéxico _934671 |
|
| 650 | 4 |
_aArtes decorativas _zMéxico. _93532 |
|
| 650 | 4 |
_aDiseño de mobiliario _zMéxico. _934672 |
|
| 650 | 4 |
_aExposiciones de arte _zMéxico. _934673 |
|
| 650 | 4 |
_aMujeres diseñadoras _zMéxico. _934674 |
|
| 651 | 4 |
_aMéxico _xVida cultural. |
|
| 710 | 2 |
_aCristina Grajales Gallery, _ehost institution. _934676 |
|
| 942 |
_2lcc _n0 _cBK |
||
| 999 |
_c13856 _d13856 |
||